UC Irvine Basketball: Top 10 All-Time Leaders - Statistics

General Stats
  • This quiz has been taken 4 times
    3 since last reset
  • The average score is 7 of 90
Answer Stats
Category # Points Amount % Correct
Points 1 Jerry Green 1,993
67%
Assists 5 Jerry Green 412
67%
Steals 2 Jerry Green 162
67%
Field Goal Percent 10 Jerry Green 47.1%
67%
Points Per Game 3 Jerry Green 17.2
67%
Points 10 Adam Parada 1,320
33%
Rebounds 5 Adam Parada 775
33%
Blocks T3 Adam Parada 149
33%
Field Goal Percent 2 Adam Parada 56.5%
33%
Steals T7 Scott Brooks 123
33%
Points Per Game 4 Scott Brooks 16.8
33%
Points 8 Will Davis 1,384
33%
Rebounds 2 Will Davis 852
33%
Blocks 2 Will Davis 205
33%
Field Goal Percent 5 Will Davis 54.8%
33%
Games 8 Will Davis 133
33%
Assists 8 Aaron Fitzgerald 342
0%
Games 5 Aaron Wright 138
0%
Points 9 Alex Young 1,324
0%
Assists 1 Alex Young 576
0%
Steals 4 Alex Young 154
0%
Games 4 Alex Young 139
0%
Blocks 7 Austin Johnson 94
0%
Three Pointers Made 10 Ben Jones 168
0%
Points 5 Ben McDonald 1,512
0%
Assists 3 Ben McDonald 426
0%
Steals T7 Ben McDonald 123
0%
Field Goal Percent 6 Ben McDonald 52.3%
0%
Rebounds 8 Brad Greene 670
0%
Blocks 5 Brad Greene 140
0%
Games 10 Brad Greene 129
0%
Three Pointers Made T8 Chris Brown 170
0%
Games T6 Chris McNealy 135
0%
Points 6 Collin Welp 1,490
0%
Rebounds 6 Collin Welp 714
0%
Rebounds 4 Darren Fells 780
0%
Points Per Game 6 Eric Wise 15.4
0%
Steals 6 Evan Leonard 143
0%
Three Pointers Made 6 Evan Leonard 192
0%
Assists 6 Eyassu Worku 410
0%
Steals 10 Eyassu Worku 117
0%
Games T6 Eyassu Worku 135
0%
Points Per Game 10 George Turner 13.7
0%
Blocks T9 Ioannis Dimakopoulos 95
0%
Games 9 Ioannis Dimakopoulos 130
0%
Three Pointers Made 7 Jaron Martin 190
0%
Steals 1 Jeff Gloger 167
0%
Three Pointers Made 5 Jeff Herdman 201
0%
Blocks 8 Jeff Von Lutzow 98
0%
Field Goal Percent 9 Jeff Von Lutzow 48.6%
0%
Field Goal Percent 7 Johnny Rogers 52.3%
0%
Points Per Game 2 Johnny Rogers 20.7
0%
Rebounds 1 Jonathan Galloway 969
0%
Blocks T3 Jonathan Galloway 149
0%
Games 2 Jonathan Galloway 146
0%
Points 7 Kevin Magee 1,475
0%
Rebounds 9 Kevin Magee 690
0%
Field Goal Percent 1 Kevin Magee 65.6%
0%
Points Per Game 1 Kevin Magee 26.3
0%
Points Per Game 8 Kevin Simmons 15.0
0%
Assists 9 Lloyd Mumford 322
0%
Points 3 Luke Nelson 1,531
0%
Assists 4 Luke Nelson 414
0%
Steals 5 Luke Nelson 145
0%
Three Pointers Made 1 Luke Nelson 258
0%
Blocks 1 Mamadou Ndiaye 218
0%
Three Pointers Made T8 Max Hazzard 170
0%
Steals 3 Michael Hunter 160
0%
Three Pointers Made 2 Michael Hunter 236
0%
Blocks T9 Mike Best 95
0%
Games 1 Mike Best 148
0%
Steals 9 Mike Hess 120
0%
Three Pointers Made 4 Mike Wilder 224
0%
Assists 10 Patrick Rembert 300
0%
Blocks 6 Patrick Sanders 119
0%
Assists 7 Pierre Crockrell II 395
0%
Assists 2 Raimonds Miglinieks 475
0%
Points Per Game 5 Randy Whieldon 15.9
0%
Field Goal Percent 4 Ricky Butler 55.5%
0%
Points Per Game 9 Ricky Butler 14.4
0%
Three Pointers Made 3 Ross Schraeder 233
0%
Points 2 Tod Murphy 1,777
0%
Rebounds 3 Tod Murphy 837
0%
Field Goal Percent 3 Tod Murphy 55.6%
0%
Points Per Game 7 Tod Murphy 15.2
0%
Rebounds 10 Tommy Rutherford 685
0%
Games 3 Tommy Rutherford 140
0%
Points 4 Wayne Englestad 1,530
0%
Rebounds 7 Wayne Englestad 698
0%
Field Goal Percent 8 Wayne Englestad 50.1%
0%
No matching quizzes found
Score Distribution
Percent of People with Each Score
Percentile by Number Answered
Your Score History
You have not taken this quiz since the last reset